[Event "29th ECC Open 2013"]
[Site "Rhodes GRE"]
[Date "2013.10.24"]
[Round "5.7"]
[White "Sahl,Bj"]
[Black "Boidman,Y"]
[Result "1/2-1/2"]
[WhiteElo "2356"]
[BlackElo "2398"]

1.c4 c6 2.e4 e5 3.Nf3 d6 4.d4 Nd7 5.Be2 Ngf6 6.Nc3 Be7 7.O-O O-O 8.h3 Qc7
9.Be3 a6 10.Rc1 Re8 11.a3 Bf8 12.dxe5 dxe5 13.b4 g6 14.c5 Bg7 15.Nd2 Nf8
16.Nc4 Ne6 17.Qd6 Qxd6 18.Nxd6 Rd8 19.Bc4 b5 20.Nxc8 Raxc8 21.Bxe6 fxe6 22.Rfd1 Kf7
23.g3 Ke7 24.f3 a5 25.Rxd8 Rxd8 26.bxa5 Ra8 27.Na2 Rxa5 28.Nb4 Rxa3 29.Nxc6+ Kd7
30.Nxe5+ Kc8 31.Bd4 Nd7 32.Nc6 Kc7 33.Bxg7 Kxc6 34.Kf2 b4 35.Ke2 e5 36.f4 Rc3
37.Rxc3 bxc3 38.Bxe5 c2 39.Kd2 Nxc5 40.Kxc2 Nxe4 41.g4  1/2-1/2

[Event "29th ECC Open 2013"]
[Site "Rhodes GRE"]
[Date "2013.10.25"]
[Round "6.22"]
[White "Heap,G"]
[Black "Valli,F"]
[Result "0-1"]
[WhiteElo "2010"]
[BlackElo "2282"]

1.c4 c6 2.b3 d5 3.Bb2 Nf6 4.Nf3 Bf5 5.e3 e6 6.Be2 h6 7.d3 Nbd7 8.Nc3 Bg6
9.O-O Bd6 10.cxd5 exd5 11.e4 dxe4 12.dxe4 Qe7 13.Nh4 Bh7 14.Nf5 Bxf5 15.exf5 O-O
16.Bf3 Ne5 17.Be4 Rad8 18.Qe2 Rfe8 19.f3 Neg4 20.fxg4 Bc5+ 21.Kh1 Nxe4 22.Nxe4 Qxe4
23.Qxe4 Rxe4 24.f6 g5 25.Rac1 Bb6 26.Rfe1 Rxg4 27.h3 Rf4 28.Re7 Rf2 29.Bc3 Rd3
30.Re8+ Kh7 31.Rf8 Kg6 32.Rg8+ Kf5 33.Kh2 Be3  0-1

[Event "8th Herbstopen"]
[Site "Deizisau GER"]
[Date "2013.10.27"]
[Round "3.1"]
[White "Dgebuadze,A"]
[Black "Hacker,Jonas"]
[Result "1-0"]
[WhiteElo "2521"]
[BlackElo "2073"]

1.c4 c6 2.e4 d5 3.exd5 cxd5 4.cxd5 Nf6 5.Bb5+ Nbd7 6.Nc3 a6 7.Bxd7+ Qxd7
8.Nf3 Nxd5 9.O-O b5 10.Ne5 Nxc3 11.dxc3 Qxd1 12.Rxd1 f6 13.Nc6 Bd7 14.Na5 e5
15.Be3 Be7 16.Nb7 Rb8 17.Nd6+ Bxd6 18.Rxd6 Ra8 19.f3 h5 20.Bc5 Rc8 21.Rad1 Bf5
22.Bb4 Ra8 23.Ba5 Kf7 24.Kf2 Rhc8 25.Ke3 Re8 26.b3 Re6 27.Rxe6 Bxe6 28.Rd6 Ra7
29.Rc6 Ra8 30.Rc7+ Kg6 31.h4 Rc8 32.Ra7 Rc6 33.Bb4 f5 34.f4 exf4+ 35.Kxf4 Bf7
36.g3 Re6 37.Bc5 Be8 38.Bd4 Bf7 39.Be5 Rc6 40.Ke3 Re6 41.Kd4 Rc6 42.Rb7 Re6
43.c4 bxc4 44.bxc4 Rc6 45.c5 a5 46.Rb6  1-0

[Event "13th Sautron Open 2013"]
[Site "Sautron FRA"]
[Date "2013.10.27"]
[Round "2.6"]
[White "Le Quang,K"]
[Black "Kasparov,S"]
[Result "0-1"]
[WhiteElo "2246"]
[BlackElo "2480"]

1.c4 c6 2.g3 Nf6 3.Bg2 d5 4.Nf3 Bg4 5.Ne5 Be6 6.cxd5 Bxd5 7.Nf3 c5 8.Nc3 Bc6
9.O-O e6 10.d3 Nbd7 11.e4 Be7 12.Qe2 e5 13.a4 O-O 14.Nh4 Re8 15.Nf5 Bf8 16.Kh1 Kh8
17.b3 Ng8 18.Bb2 g6 19.Ne3 Bg7 20.Ncd5 Ne7 21.f4 Bxd5 22.exd5 exf4 23.Rxf4 f6
24.Qc2 Nc8 25.Nc4 Qc7 26.Raf1 Nd6 27.Bh3 f5 28.Bxg7+ Kxg7 29.g4 Nxc4 30.bxc4 Nf6
31.gxf5 g5 32.R4f2 Re3 33.Rf3 Rxf3 34.Rxf3 Re8 35.Qd2 h6 36.Rf1 Qe5 37.Bg2 Qd4
38.Re1 Ng4 39.h3 Nf6 40.Rxe8 Nxe8 41.Qe2 Nd6 42.Qe7+ Nf7 43.Be4 Qf2 44.Qe6 Qf1+  0-1

[Event "17th OIBM 2013"]
[Site "Bad Wiessee GER"]
[Date "2013.10.28"]
[Round "4.14"]
[White "Carlstedt,J"]
[Black "Cordts,I"]
[Result "1-0"]
[WhiteElo "2421"]
[BlackElo "2296"]

1.c4 c6 2.g3 Nf6 3.Bg2 d5 4.Nf3 dxc4 5.O-O Nbd7 6.Qc2 Nb6 7.Na3 Qd5 8.b3 cxb3
9.axb3 Qd8 10.Nc4 e6 11.Bb2 Nbd5 12.d4 Nb4 13.Qd2 Be7 14.Nfe5 O-O 15.Ba3 Nbd5
16.Bc5 Bxc5 17.dxc5 Nd7 18.Nxd7 Bxd7 19.e4 Nf6 20.Rfd1 Qc7 21.Qd6 Qxd6 22.Rxd6 Rfd8
23.Ra4 Kf8 24.Na5 Rab8 25.Rb4 b6 26.cxb6 Rxb6 27.Rxb6 axb6 28.Nxc6 Rc8 29.e5 Bxc6
30.Bxc6 Ng4 31.f4 Ne3 32.Be4 Rb8 33.Kf2 Ng4+ 34.Kg2 Ke7 35.h3 Ne3+ 36.Kf3 Nf5
37.Rc6 Kd7 38.g4 Ne7 39.Rd6+ Kc7 40.f5 exf5 41.gxf5 g6 42.f6 Nf5 43.Bxf5 gxf5
44.Kf4  1-0

[Event "17th OIBM 2013"]
[Site "Bad Wiessee GER"]
[Date "2013.10.29"]
[Round "5.20"]
[White "Schunk,T1"]
[Black "Khenkin,I"]
[Result "0-1"]
[WhiteElo "2255"]
[BlackElo "2609"]

1.c4 c6 2.Nf3 d5 3.b3 Bf5 4.Bb2 e6 5.g3 Nf6 6.Bg2 h6 7.O-O Nbd7 8.d3 Be7
9.Nc3 O-O 10.Qc2 Bh7 11.Rac1 Rc8 12.Qb1 Qa5 13.Nd1 c5 14.cxd5 exd5 15.Ne3 Rfe8
16.Rc2 b5 17.Qc1 Rcd8 18.Bh3 d4 19.Nf5 Bxf5 20.Bxf5 Qxa2 21.Bxd4 Qxb3 22.Ba1 Qd5
23.Bh3 a5 24.Bg2 Qe6 25.e4 Qa6 26.Re1 Bf8 27.Bf1 a4 28.Qb1 Qa5 29.d4 c4 30.d5 Nxe4
31.Nd4 Nd6 32.Rd1 Ra8 33.Nc6 Qc7 34.Rd4 Ne5 35.Nxe5 Rxe5 36.Rg4 Rg5 37.Rxg5 hxg5
38.Be5 a3 39.Ra2 Qa5 40.h4 gxh4 41.f3 hxg3 42.Bxg3 g6 43.Be5 Qb6+ 44.Kh1 Qe3
45.f4 Ne4 46.Qxb5 Bc5 47.Rg2  0-1

[Event "14th Liberec Open"]
[Site "Liberec CZE"]
[Date "2013.10.31"]
[Round "7.10"]
[White "Brauer,C"]
[Black "Zdrazil,B"]
[Result "1-0"]
[WhiteElo "2123"]
[BlackElo "1873"]

1.c4 c6 2.Nf3 d5 3.g3 Nf6 4.Bg2 e6 5.b3 Nbd7 6.Bb2 Be7 7.O-O O-O 8.d3 dxc4
9.bxc4 Qc7 10.Nbd2 e5 11.Qc2 Re8 12.Rab1 Bf8 13.Bc3 Nc5 14.Nb3 Nxb3 15.Qxb3 Nd7
16.Nd2 Nc5 17.Qc2 Bf5 18.Nb3 Nxb3 19.Qxb3 Rab8 20.a4 b6 21.Qc2 a6 22.Rfc1 Rec8
23.Qd2 f6 24.Qa2 Kh8 25.Bd2 c5 26.Rb3 Be6 27.Qb2 Bd7 28.Rb1 Bxa4 29.Rxb6 Rxb6
30.Qxb6 Bc6 31.Qxa6 Bxg2 32.Kxg2 Qd8 33.Be3 Qe8 34.Qb7 Qc6+ 35.Qxc6 Rxc6
36.Kf3 Rc7 37.Ke4 Kg8 38.Rb5 Kf7 39.Kd5 Rd7+ 40.Kc6 Rd6+ 41.Kc7 Ra6 42.Bxc5 Bxc5
43.Rxc5 Ra2 44.Kd7 Rxe2 45.Rd5 e4 46.dxe4 Rxe4 47.c5 Re7+ 48.Kc6 Re2 49.Rd7+ Kg6
50.Rd3 Kf7 51.Kc7 Rc2 52.c6 Rxf2 53.Kd7 Re2 54.c7 Re7+ 55.Kc6  1-0

[Event "14th Liberec Open"]
[Site "Liberec CZE"]
[Date "2013.10.31"]
[Round "7.12"]
[White "Tejnsky,B"]
[Black "Krumm,J"]
[Result "1/2-1/2"]
[WhiteElo "1944"]
[BlackElo "2005"]

1.c4 c6 2.g3 d5 3.cxd5 cxd5 4.d4 Nf6 5.Bg2 e6 6.Nh3 Bd6 7.Nc3 O-O 8.O-O Nc6
9.f4 b6 10.a3 Nxd4 11.b4 Nf5 12.e4 dxe4 13.Nxe4 Be7 14.Bb2 Ba6 15.Re1 Qxd1
16.Raxd1 Rad8 17.Nxf6+ Bxf6 18.Bxf6 gxf6 19.Be4 Nd4 20.Kf2 f5 21.Bb1 Nb5
22.Rd3 Nc7 23.Rdd1 Nd5 24.Rc1 Rc8 25.Ng5 Nc3 26.Nf3 Rc7 27.Kg2 Bb7 28.Re3 Rfc8
29.Kh3 Nxb1 30.Rxb1 Rc3 31.Rb3 Rc2 32.Ne1 Rd2 33.Rbc3 Rxc3 34.Rxc3 Be4 35.Re3 b5
36.g4 fxg4+ 37.Kxg4 f5+ 38.Kg3 Bd5 39.Nd3 Bc4 40.Nc5 Kf7 41.Nb3 Rc2 42.Nd4 Rb2
43.Nf3 Kf6 44.Ne1 h5 45.Nf3 Bf1 46.Ne1 h4+ 47.Kxh4 Rxh2+ 48.Kg3 Re2 49.Kf3 Rxe3+
50.Kxe3 e5 51.Nf3 exf4+ 52.Kxf4 Ke6 53.Nd4+ Kd5 54.Nxf5 Bd3 55.Ne7+ Kc4 56.Nc6 a6
57.Nb8 Kb3 58.Nxa6 Kxa3 59.Nc7 Kxb4 60.Nxb5  1/2-1/2

[Event "80th ch-BRA S/F 1 2013"]
[Site "Rio de Janeiro BRA"]
[Date "2013.10.31"]
[Round "1.8"]
[White "Santos,Marcu"]
[Black "Maia,Marc"]
[Result "1-0"]
[WhiteElo "2309"]
[BlackElo "2103"]

1.c4 c6 2.e4 d5 3.exd5 cxd5 4.d4 Nf6 5.Nc3 Nc6 6.Bg5 dxc4 7.Bxc4 h6 8.Be3 e6
9.Nf3 Be7 10.O-O O-O 11.a3 b6 12.Qd3 Bb7 13.Rad1 Rc8 14.Ba2 Qc7 15.Bb1 Na5
16.Ne5 Rfd8 17.Bf4 Nc4 18.Qe2 Nd6 19.Rc1 Qb8 20.Rfe1 Qa8 21.Ba2 Nd5 22.Bd2 Nf5
23.Nxf7 Nxd4 24.Nxh6+ gxh6 25.Qg4+ Bg5 26.Bxg5 Nf6 27.Bxf6+  1-0

[Event "17th OIBM 2013"]
[Site "Bad Wiessee GER"]
[Date "2013.11.01"]
[Round "8.3"]
[White "Buchal,S"]
[Black "Delchev,A"]
[Result "0-1"]
[WhiteElo "2312"]
[BlackElo "2643"]

1.c4 c6 2.g3 d5 3.Nf3 Bg4 4.Bg2 e6 5.cxd5 Bxf3 6.Bxf3 cxd5 7.O-O Nc6 8.d3 Nf6
9.Nc3 Be7 10.a3 O-O 11.Bf4 Qb6 12.b4 Nd4 13.Bg2 Rfc8 14.Bd2 Rc7 15.e3 Nb5
16.Nxb5 Qxb5 17.Qb3 Rac8 18.Rfc1 Rxc1+ 19.Rxc1 Rxc1+ 20.Bxc1 a5 21.Bd2 axb4
22.axb4 h5 23.Bf1 Qd7 24.Qc3 d4 25.Qc4 b5 26.Qb3 dxe3 27.Bxe3 Ng4 28.d4 h4
29.Qd3 hxg3 30.hxg3 Nxe3 31.Qxe3 Bxb4 32.Qe5 Qd8 33.Bxb5 Bc3 34.Qe4 Bxd4
35.Bd3 g6 36.Kg2 Qb6 37.Qa8+ Kg7 38.Qf3 Qb2 39.Qe2 Qa1 40.Qf3 Bc5 41.Bf1 Qb2
42.Qe2 Qd4 43.Qf3 e5 44.Ba6 e4 45.Qe2 f5 46.Bb7 Kf6 47.g4 Kg5 48.gxf5 gxf5
49.Qc2 Kh4 50.Bc6 Bb6 51.Kf1 Qa1+ 52.Kg2 Qd4 53.Kf1 Ba5 54.Kg2 Bd2 55.Qb3 f4
56.Qb1 f3+ 57.Kh1 Bf4 58.Bxe4 Qxf2 59.Qg1 Qe2 60.Bxf3 Qxf3+ 61.Qg2 Qd1+ 62.Qg1 Qd5+
63.Qg2 Qd3 64.Qf2+ Kg4 65.Qg2+ Bg3 66.Kg1 Qd4+ 67.Kh1 Qa1+ 68.Qg1 Qh8+  0-1

[Event "17th OIBM 2013"]
[Site "Bad Wiessee GER"]
[Date "2013.11.01"]
[Round "8.42"]
[White "Wegerer,F"]
[Black "Zach,A"]
[Result "0-1"]
[WhiteElo "2159"]
[BlackElo "2307"]

1.c4 c6 2.Nf3 d5 3.e3 Nf6 4.Nc3 g6 5.d4 Bg7 6.Qb3 Qb6 7.Qa3 Qd8 8.Bd2 O-O
9.Rc1 Ne4 10.Nxe4 dxe4 11.Ng1 e5 12.Bb4 Re8 13.Ne2 exd4 14.Nxd4 Nd7 15.Rd1 c5
16.Bxc5 Nxc5 17.Qxc5 Bf8 18.Qd5 Bb4+ 19.Ke2 Bg4+ 20.f3 exf3+ 21.gxf3 Qe7
22.Nc2 Rad8 23.Qb5 Rxd1 24.Qxb4 Bxf3+ 25.Kxf3 Qe4+ 26.Kg3 Qe5+ 27.Kh3 Qh5+
28.Kg3 Qg5+ 29.Kf3 Qf5+ 30.Kg3 Qxc2  0-1

[Event "80th ch-BRA S/F 1 2013"]
[Site "Rio de Janeiro BRA"]
[Date "2013.11.02"]
[Round "4.23"]
[White "Almeida,Gianluca Jorio"]
[Black "Maia,Marc"]
[Result "0-1"]
[WhiteElo "1654"]
[BlackElo "2103"]

1.c4 c6 2.Nc3 d5 3.cxd5 cxd5 4.d4 Nf6 5.g3 Nc6 6.Bg2 h6 7.Bf4 a6 8.Nf3 e6
9.O-O Be7 10.Rc1 O-O 11.Na4 Nd7 12.Qd3 Qa5 13.Qb3 Qb5 14.Qxb5 axb5 15.Nc3 b4
16.Nb5 Rxa2 17.Rc2 Nb6 18.Nd2 Na4 19.e4 dxe4 20.Bxe4 Rxb2 21.Rxb2 Nxb2 22.Bd6 Bxd6
23.Nxd6 Rd8 24.Nxc8 Rxc8 25.Rb1 Na4 26.Bxc6 bxc6 27.Rxb4 Nc3 28.Rc4 Nd5 29.Ne4 Ne7
30.Ra4 Rd8 31.Rc4 Nf5 32.Rxc6 Nxd4 33.Rd6 Rxd6 34.Nxd6 Kf8 35.Kg2 Ke7 36.Ne4 f5
37.Nc3 Kd6 38.f3 g5 39.Kf2 g4 40.fxg4 fxg4 41.Ne4+ Ke5 42.Nd2 Nf5 43.Ke2 h5
44.Kd3 Nd6 45.Ke3 Kf5 46.Kd3 Nf7 47.Kd4 Ng5 48.Ke3 e5 49.Ke2 Ke6 50.Kf2 Kd5
51.Ke3 Kd6 52.Ke2 Ke6 53.Kf2 Kd6 54.Ke2 Kc5 55.Kd3 Nf3 56.Ne4+ Kd5 57.Nf6+ Ke6
58.Nxh5 Kf7 59.Ke3 Kg6 60.Nf4+ exf4+ 61.gxf4 Nxh2 62.Kf2 Kf5 63.Kg2 Nf3 64.Kg3 Nd4
65.Kf2 Kxf4  0-1

[Event "TCh-FIN SM 2013-14"]
[Site "Sastamala FIN"]
[Date "2013.11.02"]
[Round "5.3"]
[White "Tuominen,R"]
[Black "Pohjala,H"]
[Result "1-0"]
[WhiteElo "2286"]
[BlackElo "2346"]

1.c4 c6 2.e4 e5 3.Nf3 d6 4.d4 Qc7 5.Nc3 Bg4 6.Be2 Nd7 7.O-O Bxf3 8.Bxf3 exd4
9.Qxd4 Ngf6 10.Bf4 Be7 11.Rad1 Ne5 12.Be2 O-O 13.Bg3 Rfd8 14.f4 Ned7 15.Kh1 Qb6
16.Qd2 Nc5 17.Qc2 Nfd7 18.Bf2 a5 19.Bg4 Qc7 20.a3 Nf6 21.Bf3 Ncd7 22.Rfe1 Re8
23.g4 h6 24.h4 Nf8 25.g5 hxg5 26.hxg5 N6h7 27.Bg3 Ng6 28.Bh5 Qc8 29.f5 Ngf8
30.g6 fxg6 31.Bxg6 Nxg6 32.fxg6 Ng5 33.Qh2 Qe6 34.Qh5 Rf8 35.Kg2 Rf6 36.Rh1 Kf8
37.Rdf1 Rxf1 38.Qh8+  1-0

[Event "13th Sautron Open 2013"]
[Site "Sautron FRA"]
[Date "2013.11.02"]
[Round "9.2"]
[White "Le Roux,JP"]
[Black "Burmakin,V"]
[Result "1/2-1/2"]
[WhiteElo "2571"]
[BlackElo "2581"]

1.c4 c6 2.e4 d5 3.exd5 cxd5 4.cxd5 Nf6 5.Nc3 Nxd5 6.Nf3 e6 7.d4 Bb4 8.Bd2 Nc6
9.Bd3 Nf6 10.O-O O-O 11.Be3 Be7 12.a3 b6 13.Qe2 Bb7 14.Rac1 Rc8 15.Ba6 Qd7
16.Rfd1 Bxa6 17.Qxa6 Nb8 18.Qe2 Rfd8 19.Bg5 h6 20.Bh4 Qb7 21.h3 Nc6 22.Bxf6 Bxf6
23.d5 exd5 24.Nxd5 Rd6 25.b4 Re6 26.Qc2 a6 27.Nxf6+ Rxf6 28.Ne5 Qc7 29.Ng4 Re6
30.Ne3  1/2-1/2

[Event "80th ch-BRA S/F 1 2013"]
[Site "Rio de Janeiro BRA"]
[Date "2013.11.03"]
[Round "6.24"]
[White "Almeida,Gianluca Jorio"]
[Black "Da Silva,Jhonny Joao Balbino"]
[Result "1/2-1/2"]
[WhiteElo "1654"]
[BlackElo "1934"]

1.c4 c6 2.Nc3 Nf6 3.g3 d5 4.cxd5 cxd5 5.d4 Nc6 6.Bg2 e6 7.a3 a6 8.Bf4 Bd6
9.Bxd6 Qxd6 10.e3 Bd7 11.Nge2 b5 12.O-O O-O 13.Qd2 Rac8 14.b4 Rc7 15.Nf4 Bc8
16.Nd3 Nd7 17.Nc5 Nb6 18.Rfb1 Nc4 19.Qc2 f5 20.Bf1 e5 21.dxe5 Qxe5 22.Nd3 Qd6
23.Nf4 Ne7 24.Rd1 Nb6 25.Qd2 Bb7 26.Bg2 Rd8 27.Qd4 Rc4 28.Qd3 Qe5 29.Nfe2 Rdc8
30.Rac1 g6 31.Nb1 Kf7 32.Nd2 Rxc1 33.Rxc1 Rxc1+ 34.Nxc1 Qa1 35.Nb1 Nd7 36.Qc2 Qe5  1/2-1/2

[Event "TCh-FIN SM 2013-14"]
[Site "Sastamala FIN"]
[Date "2013.11.03"]
[Round "6.3"]
[White "Luukkonen,T"]
[Black "Tuominen,R"]
[Result "1/2-1/2"]
[WhiteElo "2291"]
[BlackElo "2286"]

1.c4 c6 2.g3 d5 3.Bg2 e6 4.Nf3 f5 5.O-O Nf6 6.b3 Bd6 7.Bb2 O-O 8.d3 Qe7 9.Nc3 Nbd7
10.cxd5 exd5 11.Qc1 Ne5 12.Nxe5 Bxe5 13.Ba3 Bd6 14.Bxd6 Qxd6 15.Na4 b6 16.e3 Bd7
17.d4 Rac8 18.Rd1 Ne4 19.f3 Nf6 20.Qd2 h5 21.Nb2 h4 22.Qf2 hxg3 23.hxg3 Nh5
24.f4 Rf6 25.Qf3 Rh6 26.Nd3 Nf6 27.Qf2 Ng4 28.Qe2 Qg6 29.Nf2 Nh2 30.Nh1 Re8
31.Rd3 Kf7 32.b4 Qd6 33.a3 Reh8 34.b5 cxb5 35.Qa2 Be6 36.Rc1 Ng4 37.Rdc3 Rd8
38.Rc7+ Rd7 39.R7c6 Qe7 40.Qb3 Kg8 41.Re1 Kh7 42.Qxb5 Rc7 43.Bxd5 Bxd5 44.Rxh6+ Nxh6
45.Qxd5 Qxa3 46.Nf2 Rc1 47.Rxc1 Qxc1+ 48.Kg2 Qxe3 49.Qd7 a5 50.d5 Qd4 51.Nh3 Qd2+
52.Kg1 Qc1+ 53.Kg2 Qc2+ 54.Kg1 Qd1+ 55.Kg2 Qe2+ 56.Kg1 b5 57.Ng5+ Kg6 58.Ne6 Nf7
59.Nf8+ Kf6 60.Nh7+  1/2-1/2

[Event "Krasnoselskaya Autumn IM 2013"]
[Site "St Petersburg RUS"]
[Date "2013.11.06"]
[Round "6.2"]
[White "Gasanov,E"]
[Black "Yevseev,D"]
[Result "1/2-1/2"]
[WhiteElo "2465"]
[BlackElo "2533"]

1.c4 c6 2.Nc3 d5 3.d4 Nf6 4.e3 e6 5.Bd2 Nbd7 6.Rc1 Bd6 7.cxd5 exd5 8.Bd3 O-O
9.Nge2 Re8 10.f3 a6 11.O-O c5 12.Bb1 b5 13.dxc5 Bxc5 14.Nd4 Bb7 15.Nce2 Rc8
16.Qe1 Ne5 17.b3 Ba7 18.Rxc8 Bxc8 19.Qh4 Qd6 20.Rc1 Bd7 21.Ng3 g6 22.Nge2 Rc8
23.Rxc8+ Bxc8 24.Bc3 Bb8 25.h3 Bc7 26.Kf1 Ned7 27.Nf4 Qe7 28.Nf5 gxf5 29.Bxf5 Be5
30.Bxd7 Bxc3 31.Bxc8 Bd2 32.Qg5+ Kf8 33.Nxd5  1/2-1/2

[Event "FSGM November 2013"]
[Site "Budapest HUN"]
[Date "2013.11.10"]
[Round "7.3"]
[White "Dobrov,V"]
[Black "Matsenko,S"]
[Result "1-0"]
[WhiteElo "2528"]
[BlackElo "2454"]

1.c4 c6 2.e4 d5 3.exd5 cxd5 4.d4 Nf6 5.Nc3 e6 6.c5 Be7 7.Nf3 O-O 8.Qc2 b6
9.b4 Bb7 10.Rb1 Nbd7 11.Bd3 bxc5 12.bxc5 Bc6 13.Bf4 h6 14.h3 Ne4 15.O-O Nxc3
16.Qxc3 Re8 17.Ba6 Nb8 18.Bxb8 Rxb8 19.Ne5 Qc7 20.Qg3 Ba8 21.Bb5 Rec8 22.Bd7 Rxb1
23.Rxb1 Rb8 24.Rxb8+ Qxb8 25.Bc6 Bxc6 26.Nxc6 Qb1+ 27.Kh2 Bf6 28.a4 Qd1 29.a5 a6
30.Nb8 Qxd4 31.Nd7 Kh7 32.c6 e5 33.Nxf6+ gxf6 34.Qg4 Qc5 35.Qf5+ Kg7 36.Qd7 Qxf2
37.Qg4+ Kh7 38.c7 f5 39.Qg3 Qc5 40.Qxe5 Kg6 41.h4 Qc2 42.Qd6+ Kg7 43.h5 Qc4
44.Qe5+ Kg8 45.Qe8+ Kg7 46.c8=Q Qf4+ 47.Kg1 Qd4+ 48.Kf1 Qf4+ 49.Ke2 Qg4+
50.Kd3 Qd1+ 51.Kc3 Qc1+ 52.Kd4 Qd2+ 53.Ke5 f6+ 54.Kd6  1-0

[Event "4th Brno Open 2013"]
[Site "Brno CZE"]
[Date "2013.11.16"]
[Round "1.10"]
[White "Golcman,E"]
[Black "Kosina,V"]
[Result "1-0"]
[WhiteElo "2209"]
[BlackElo "1775"]

1.c4 c6 2.d4 d5 3.Nf3 Nf6 4.Qb3 e6 5.Nc3 Be7 6.g3 Nbd7 7.Bg2 O-O 8.O-O Bd6
9.Nd2 Re8 10.e4 dxe4 11.Ndxe4 Be7 12.Be3 Nf8 13.Rad1 Qa5 14.h3 Bd7 15.Nc5 Bc8
16.Nxb7 Bxb7 17.Qxb7 Rab8 18.Qxc6 Rec8 19.Qa4 Qxa4 20.Nxa4 Rxc4 21.b3 Rc2
22.Rd2 Rbc8 23.Rxc2 Rxc2 24.Rc1 Rxa2 25.Rc7 Ba3 26.Rxa7 Ra1+ 27.Kh2 Rb1 28.Rb7 h6
29.Nc3 Re1 30.d5 Bb2 31.dxe6 fxe6 32.Bd2 Re5 33.b4 Rf5 34.f4 h5 35.Ne4 Nxe4
36.Bxe4 Rf7 37.Be3 Rxb7 38.Bxb7 Kf7 39.Bc6 e5 40.b5 exf4 41.gxf4 Ba3 42.Kg3 Bd6
43.Kf3 Bb8 44.f5 Kf6 45.Be4 g6 46.Bd4+ Kg5 47.f6 Ne6 48.Bc3 Bc7 49.f7 Nf8
50.Bc6 Kh4 51.Bb4 Nh7 52.Bd7 g5 53.Bf5  1-0

[Event "TCh-AUT 2nd Mitte 2013-14"]
[Site "Gleisdorf AUT"]
[Date "2013.11.16"]
[Round "4.4"]
[White "Wegerer,F"]
[Black "Fahrner,K"]
[Result "0-1"]
[WhiteElo "2159"]
[BlackElo "2343"]

1.c4 c6 2.Nf3 d5 3.e3 Nf6 4.Nc3 a6 5.d4 Bg4 6.Qb3 b5 7.cxd5 Bxf3 8.gxf3 Nxd5
9.a4 Nxc3 10.bxc3 Nd7 11.f4 e6 12.Bg2 Rc8 13.axb5 axb5 14.Ra6 Nb8 15.Ra8 Bd6
16.O-O O-O 17.Ba3 Bxa3 18.Qxa3 c5 19.dxc5 Qe7 20.Rb1 Qxc5 21.Qxc5 Rxc5 22.Rb3 Nd7
23.Rxf8+ Kxf8 24.Bf1 Nf6 25.Bxb5 Ne4 26.c4 g5 27.Rd3 gxf4 28.exf4 Rf5 29.Rd4 Nc3
30.Rd8+ Ke7 31.Rh8 h5 32.Ba6 Ne2+ 33.Kf1 Nxf4 34.Ke1 Ra5 35.Bb7 Ra2 36.Bf3 Nd3+
37.Kd1 Nxf2+ 38.Kc1 Nd3+ 39.Kd1 Rxh2 40.Be2 Nf4 41.Bf1 Ra2 42.Ke1 Kd6 43.Rb8 h4
44.Rb3 f5 45.Rf3 e5 46.Bh3 Nxh3 47.Rxh3 Rc2 48.Rxh4 f4 49.Rh6+ Kc5 50.Kd1 Rxc4
51.Kd2 Kd4  0-1

[Event "10th European Teams w"]
[Site "Warsaw POL"]
[Date "2013.11.16"]
[Round "8.1"]
[White "Mkrtchian,L"]
[Black "Ushenina,A"]
[Result "1/2-1/2"]
[WhiteElo "2447"]
[BlackElo "2492"]

1.c4 c6 2.Nf3 d5 3.e3 Nf6 4.d4 e6 5.b3 c5 6.Bb2 cxd4 7.exd4 b6 8.Bd3 Bb7
9.O-O Be7 10.Nbd2 O-O 11.Qe2 Nc6 12.Rad1 Rc8 13.Bb1 Re8 14.Ne5 dxc4 15.Nxc6 Bxc6
16.bxc4 Bf8 17.Bd3 Qc7 18.Nf3 Qb7 19.Nh4 g6 20.Qe3 Bg7 21.Be2 b5 22.c5 Nd5
23.Qg3 Ne7 24.Nf3 Bd5 25.a3 Nc6 26.Ng5 h6 27.Nh3 Bc4 28.Rfe1 Red8 29.Bf3 Qc7
30.Qh4 Rd7 31.Bxc6 Qxc6 32.Bc1 h5 33.Bg5 e5 34.dxe5 Rxd1 35.Rxd1 Bxe5 36.Be3 Qf6
37.Qe4 Rd8 38.Qc2 Rc8 39.Ng5 a5 40.Nf3 Bf4 41.Bxf4 Qxf4 42.Qc3 Be2 43.Rd4 Qf5
44.Nd2 b4 45.axb4 axb4 46.Rxb4 Qxc5 47.Qxc5 Rxc5 48.h4 Kg7 49.Kh2 Rc2 50.Rd4 Bb5
51.Kg3 Rc3+ 52.f3 Rd3 53.Rxd3 Bxd3  1/2-1/2

[Event "TCh-BEL 2013-14"]
[Site "Belgium BEL"]
[Date "2013.11.17"]
[Round "4.2"]
[White "Sadkowsky,D"]
[Black "Swinkels,R"]
[Result "0-1"]
[WhiteElo "2260"]
[BlackElo "2535"]

1.c4 c6 2.Nf3 d5 3.e3 Nf6 4.Nc3 e6 5.b3 Bd6 6.Bb2 Qe7 7.Qc2 Na6 8.a3 O-O
9.d4 b6 10.Bd3 Bb7 11.O-O c5 12.Ne5 cxd4 13.exd4 dxc4 14.bxc4 Nc5 15.Be2 Bxe5
16.dxe5 Nfe4 17.f3 Nxc3 18.Bxc3 Rfd8 19.Rfd1 Bc6 20.Rxd8+ Rxd8 21.Rd1 Ba4
22.Rxd8+ Qxd8 23.Qd2 Qxd2 24.Bxd2 Bc2 25.Be3 Bd3 26.Kf2 Bxe2 27.Kxe2 Nd7
28.Bd4 Nb8 29.Kd3 Kf8 30.f4 h5 31.a4 Nd7 32.a5 Ke8 33.Kc3 bxa5 34.Bxa7 Kd8
35.Kb3 Kc7 36.Ka4 Kb7 37.Bd4 Ka6 38.g3 g6 39.h3 Nb6+ 40.Kb3 Kb7 41.Kc3 Kc6
42.Kb3 Nd7 43.Be3 Nc5+ 44.Ka3 Ne4 45.g4 Nc5 46.gxh5 gxh5 47.h4 Nd3 48.Ka4 Ne1
49.Kxa5 Ng2 50.Bf2 Nxf4 51.Ka4 Nd3 52.Bd4 Ne1 53.Bf2 Nf3 54.Bg3 Kc5 55.Kb3 Nd4+  0-1

[Event "10th European Teams w"]
[Site "Warsaw POL"]
[Date "2013.11.17"]
[Round "9.15"]
[White "Ptacnikova,L"]
[Black "Chevannes,S"]
[Result "1/2-1/2"]
[WhiteElo "2238"]
[BlackElo "2200"]

1.c4 c6 2.Nc3 d5 3.cxd5 cxd5 4.d4 Nf6 5.Bf4 Qb6 6.Qc2 Nc6 7.e3 Bf5 8.Qd2 e6
9.f3 Be7 10.Rc1 O-O 11.g4 Bg6 12.h4 h5 13.g5 Ne8 14.Na4 Qd8 15.Nc5 Bxc5 16.Rxc5 Nd6
17.b4 Qd7 18.b5 Ne7 19.Qb4 Rfd8 20.a4 Rac8 21.Rh2 Rxc5 22.Qxc5 Ndf5 23.Qxa7 Rc8
24.Rd2 Nxh4 25.a5 Qd8 26.Kf2 Kh7 27.Rb2 Nef5 28.a6 bxa6 29.bxa6 Qa5 30.Qb7 Rc1
31.Qb4 Qa1 32.Bd3 Rxg1 33.Rb1 Rxb1 34.Qxb1 Qa5 35.Qb2 Ne7 36.Be2 Nhf5 37.Qb7 Qd2
38.a7 Nxd4 39.exd4 Qxf4 40.a8=Q Qxd4+ 41.Kf1 Nf5 42.Qaa7 Ng3+ 43.Ke1 Nxe2
44.Kxe2 Qd3+ 45.Ke1 Qc3+ 46.Ke2 Qd3+ 47.Ke1 Qc3+ 48.Kf1 Qc1+ 49.Ke2 Qc2+
50.Ke1  1/2-1/2

[Event "23rd World Seniors 2013"]
[Site "Opatija CRO"]
[Date "2013.11.18"]
[Round "6.82"]
[White "Haupt,J"]
[Black "Karabut,V"]
[Result "1/2-1/2"]
[WhiteElo "1870"]
[BlackElo "2044"]

1.c4 c6 2.e4 e6 3.d4 d5 4.e5 c5 5.Be3 a6 6.dxc5 Nc6 7.Nf3 Qa5+ 8.Qd2 Nb4
9.Nc3 Bxc5 10.Bxc5 Qxc5 11.a3 Nc6 12.cxd5 exd5 13.Qxd5 Qb6 14.Na4 Qa5+ 15.Qxa5 Nxa5
16.Rc1 Ne7 17.Nb6 Rb8 18.Nxc8 Rxc8 19.Rxc8+ Nxc8  1/2-1/2

[Event "ch-VIE 2013"]
[Site "Ho Chi Minh City VIE"]
[Date "2013.11.19"]
[Round "1.7"]
[White "Vo Thanh Ninh"]
[Black "Le,Minh Hoang"]
[Result "1-0"]
[WhiteElo "2294"]
[BlackElo "1912"]

1.c4 c6 2.Nf3 d5 3.e3 Nf6 4.Nc3 g6 5.d4 Bg7 6.Bd3 O-O 7.O-O Nbd7 8.cxd5 cxd5
9.Qb3 e6 10.Bd2 a6 11.Rfc1 b6 12.Na4 Ne4 13.Bb4 Re8 14.Qc2 Bb7 15.Qc7 Rb8
16.Qxd8 Rexd8 17.Rc7 Bf6 18.Bxe4 dxe4 19.Nd2 e5 20.d5 Bxd5 21.Nc3 Be6 22.Ndxe4 Bg7
23.Ng5 Bf5 24.e4 Bf6 25.exf5 Bxg5 26.Ne4 Bh4 27.fxg6 fxg6 28.g3 Nf6 29.Nc3 Bg5
30.h4 Ne8 31.Ra7 a5 32.Be7 Bxe7 33.Rxe7 Rd2 34.Ne4 Rxb2 35.a4 Re2 36.Rxe5 Rc2
37.Re1 Kf8 38.Re3 Rc7 39.Ng5 Rd7 40.Rb3 Rbb7 41.Rf3+  1-0

[Event "23rd World Seniors 2013"]
[Site "Opatija CRO"]
[Date "2013.11.19"]
[Round "7.50"]
[White "Chirinos,C"]
[Black "Beltz,Robert"]
[Result "1-0"]
[WhiteElo "2059"]
[BlackElo "2208"]

1.c4 c6 2.g3 d5 3.cxd5 cxd5 4.Bg2 Nf6 5.Nf3 Nc6 6.O-O e6 7.b3 Be7 8.d3 O-O
9.Bb2 b5 10.Na3 Qb6 11.Nc2 a5 12.Ncd4 Na7 13.Ne5 Bb7 14.g4 Rfd8 15.e3 Nd7
16.Nef3 Nc8 17.Ne2 Nd6 18.Bd4 Qa6 19.Nf4 b4 20.Rc1 Nb5 21.Ba1 h6 22.Qd2 a4
23.h4 axb3 24.axb3 Qd6 25.Ne2 Ra3 26.Bb2 Raa8 27.Ra1 Na3 28.g5 hxg5 29.hxg5 Bf8
30.Bh3 Rac8 31.Rac1 Ba6 32.g6 f5 33.Ng3 Nc5 34.Be5 Qd7 35.e4 Nxb3 36.Qg5 Be7
37.Qh5 Bf6 38.Qh7+ Kf8 39.Nh5 Rxc1 40.Nxf6 Rxf1+ 41.Bxf1  1-0

[Event "76th ch-CRC 2013"]
[Site "San Jose CRC"]
[Date "2013.11.19"]
[Round "6.2"]
[White "Rakhmanov,Ale"]
[Black "Carvajal Gorgona,J"]
[Result "1-0"]
[WhiteElo "2595"]
[BlackElo "2239"]

1.c4 c6 2.e4 d5 3.exd5 cxd5 4.cxd5 Qxd5 5.Nc3 Qa5 6.d4 Nf6 7.Bc4 Nc6 8.Ne2 e6
9.O-O Be7 10.a3 a6 11.Ba2 O-O 12.Qd3 Rd8 13.Rd1 b5 14.b4 Qb6 15.Be3 Qb8 16.Bf4 Bd6
17.Qe3 Ne7 18.Be5 Nfd5 19.Bxd5 exd5 20.Qg5 Bxe5 21.dxe5 Qc7 22.Rac1 h6 23.Qg3 Nf5
24.Qf4 g5 25.Nxd5  1-0

[Event "ch-VIE 2013"]
[Site "Ho Chi Minh City VIE"]
[Date "2013.11.20"]
[Round "3.8"]
[White "Pham Duc Thang"]
[Black "Dang,H"]
[Result "1/2-1/2"]
[WhiteElo "2228"]
[BlackElo "2078"]

1.c4 c6 2.g3 d5 3.Bg2 Nf6 4.Nf3 Bf5 5.cxd5 cxd5 6.Qb3 Qc7 7.Nc3 e6 8.d3 Nc6
9.Bf4 e5 10.Nxe5 Nxe5 11.d4 Nd3+ 12.exd3 Qe7+ 13.Be5 Qb4 14.Bxf6 gxf6 15.Bxd5 O-O-O
16.O-O Qxb3 17.axb3 Kb8 18.Rfe1 Bb4 19.Be4 Bg6 20.Red1 f5 21.Bf3 f4 22.Ra4 a5
23.Nd5 Bh5 24.Bxh5 Rxd5 25.Bxf7 Rxd4 26.Raa1 Rf8 27.Bh5 Rc8 28.Bf3 Rc2 29.Be4 fxg3
30.hxg3 Rd7 31.d4 Rxb2 32.Rd3 Re7 33.Bf3 Be1 34.d5 Bxf2+ 35.Kh1 Bxg3 36.d6 Rg7
37.d7 Rh2+ 38.Kg1 Bc7+ 39.Kf1 Bd8 40.Rc1 Ka7 41.Rd4 Rh3 42.Kf2 Rf7 43.Rc3 Rf8
44.Kg2 Rh6 45.Re4 Rg6+ 46.Kf1 Rg7 47.Re8 Rxf3+ 48.Rxf3 Rxd7 49.Ke2 Bb6 50.Rh3 Bd4
51.Re6 Bc5 52.Reh6 Rd8 53.Rxh7 Ka6 54.Rd3 Re8+ 55.Kd1 b6  1/2-1/2

[Event "UT Dallas GM Inv 2013"]
[Site "Dallas USA"]
[Date "2013.11.22"]
[Round "2.5"]
[White "Margvelashvili,G"]
[Black "Holt,C"]
[Result "1/2-1/2"]
[WhiteElo "2556"]
[BlackElo "2534"]

1.c4 c6 2.e4 d5 3.exd5 Nf6 4.Nc3 cxd5 5.d4 e6 6.Nf3 Bb4 7.Bd3 dxc4 8.Bxc4 O-O
9.O-O h6 10.Bf4 Nc6 11.Rc1 a6 12.a3 Bd6 13.Be5 Be7 14.Qe2 b5 15.Ba2 Bb7 16.Rfd1 Rc8
17.Bxf6 Bxf6 18.d5 exd5 19.Bxd5 Qb6 20.Be4 Bxc3 21.Rxc3 Na5 22.Rxc8 Rxc8
23.Bf5 Rd8 24.Rxd8+ Qxd8 25.Bd3 g6 26.h3 Bxf3 27.Qxf3 Nc4 28.Bxc4 bxc4 29.Qc3 Qd1+
30.Kh2 Qd6+  1/2-1/2